[Event "BAN-chT Golden Jubilee 2021-22"]
[Site "Dhaka"]
[Date "2022.03.19"]
[Round "10.11"]
[White "Nitish Belurkar"]
[Black "Panesar Vedant"]
[Result "1-0"]
[WhiteElo "2447"]
[BlackElo "2379"]
[Annotator "TA"]
[PlyCount "117"]
[EventDate "2022.03.10"]
[EventType "team-tourn"]
[EventCountry "BAN"]
[SourceTitle "playchess.com"]
[Source "ChessBase"]
[SourceQuality "1"]

{[%evp 17,117,22,48,0,0,4,18,16,21,13,20,16,14,15,25,22,22,10,24,25,22,24,20,24,25,23,14,18,16,27,27,24,23,22,25,20,20,8,36,37,39,37,38,40,45,41,58,58,60,66,66,63,172,158,151,151,160,162,231,136,269,136,269,262,241,241,282,257,288,225,625,546,1595,696,1595,1595,1595,1595,417,407,1595,1595,1595,1595,1556,655,1588,1588,1533,1515,1588,1568,1502,985,1595,1595,1519,1460,1299,722,445,437]} 1. e4 e5 2. Nf3 Nc6 3. Bb5 a6 4. Ba4 Nf6 5. O-O b5 6. Bb3 Bc5 {[%cal Bf8c5,Bc5b6,Bb6a7,Ba7e3][%mdl 32]} 7. c3 d6 8. a4 Rb8 9. d4 {[%cal Bd2d4,Bd4d5,Bd5c6][%mdl 32]} Bb6 10. a5 {C78: Ruy Lopez: Archangelsk and Möller Defences.} (10. Na3 $14 {might be stronger.}) 10... Ba7 $1 $11 (10... Nxa5 11. Rxa5 Bxa5 12. dxe5 $14) (10... Bxa5 $2 11. dxe5 (11. d5 Ne7 $18) 11... dxe5 12. Qxd8+ Kxd8 13. Bd5 (13. Bxf7 Bb6 $16) 13... Nxd5 14. exd5 $18) 11. h3 Bb7 12. Be3 {With the idea d5. The position is equal.} Nxe4 13. d5 Bxe3 14. dxc6 {And now Qd5 would win.} Nxf2 $1 15. Qe2 Nxh3+ 16. Kh1 Nf2+ 17. Rxf2 Bxf2 18. Qxf2 Bxc6 {[#] Hoping for ...0-0.} 19. Nxe5 $1 {[%csl Gb3,Ge5][%cal Rf2f7]} Bxg2+ $1 20. Kg1 $1 {[%csl Gb3,Ge5][%cal Rf2f7,Bh1g1,Bg1f2,Bf2g2][%mdl 32]} (20. Kxg2 Qg5+ 21. Kf1 (21. Ng4 $2 Qxg4+ 22. Qg3 Qe2+ 23. Qf2 Qe4+ 24. Kg1 Qg6+ 25. Qg2 Kd7 $19) 21... Qxe5 $17) 20... Qf6 {Threatens to win with ...Qxf2+.} 21. Nxf7 {Chess con chili.} Qxf2+ 22. Kxf2 Rf8 23. Kxg2 {aiming for Ng5.} Rxf7 24. Bxf7+ Kxf7 {[%mdl 4096] Endgame KRN-KR} 25. Nd2 b4 26. c4 Re8 {...Re2+ is the strong threat.} 27. Kf3 {Inhibits Re2.} Re5 {[#]} 28. Ra4 $146 ({Predecessor:} 28. Nf1 Rf5+ 29. Ke2 Rh5 30. Kd3 Rh1 31. Re1 c6 {½-½ (31) Nihal,S (2655)-Arjun,K (2503) Riga 2021}) 28... Ke7 29. Rxb4 Rxa5 30. Rb8 d5 31. Rc8 Kd7 32. Rg8 g6 33. Rg7+ Kc6 34. Ke3 (34. Rxh7 Ra2 $16) 34... Ra2 {[#] White stays focused until the end.} ({Black should try} 34... dxc4 $14 35. Rxh7 Rh5) 35. Kd4 $1 $18 (35. Rxh7 $6 Rxb2 36. Rf7 dxc4 $16) 35... dxc4 36. Nxc4 (36. Rxh7 Rxb2 37. Nxc4 Rf2 $16) 36... Ra1 37. Rxh7 {White is more active.} Rg1 (37... Rd1+ {was called for.} 38. Ke4 Re1+ 39. Kf4 Rf1+ 40. Ke3 Rg1) 38. Rg7 (38. Ne5+ $18 Kb7 39. Kc5) 38... g5 (38... Rg4+ $16 39. Kd3 Rg3+ 40. Ne3 a5) 39. Kc3 (39. Ne5+ $18 Kb6 40. Rg8 c5+ 41. Kc4) 39... Kb7 (39... Rg3+ $16 {was necessary.} 40. Kd4 Rg4+ 41. Kc3 Rg3+ 42. Kd2 a5) 40. Nd6+ Kb6 41. Ne4 g4 42. Kb3 a5 43. Rg6+ c6 $2 (43... Kb5 44. Rg5+ Ka6) 44. Ka2 Kb5 45. Nf6 (45. Nf2 $142 c5 46. Rg5 (46. Rxg4 Rxg4 47. Nxg4 Kb4 $11) (46. Nxg4 c4 $11)) 45... g3 46. Ne4 g2 47. Nc3+ (47. Kb3 a4+ 48. Kc2 Ka5 $18) 47... Kb6 48. Ne2 Rh1 (48... Rd1 $142 49. Rxg2 Rd2) 49. Rxg2 {White is clearly winning.} Rh3 50. Rg3 Rh4 51. Kb3 (51. Nc3 $142 Kc5 52. Ka3) 51... Rb4+ 52. Ka3 Rh4 53. Nc3 Rh1 54. Na4+ Ka6 55. Rg5 Rh3+ 56. b3 Rh2 57. Rc5 Rh6 58. Nb2 Rh1 59. Nc4 {Weighted Error Value: White=0.31/Black=0.28 (precise)} 1-0

[Event "BAN-chT Golden Jubilee 2021-22"]
[Site "Dhaka"]
[Date "2022.03.19"]
[Round "10.12"]
[White "Harshad S"]
[Black "Ikramul, Haq Siam"]
[Result "1/2-1/2"]
[WhiteElo "2328"]
[BlackElo "2075"]
[Annotator "TA"]
[PlyCount "101"]
[EventDate "2022.03.10"]
[EventType "team-tourn"]
[EventCountry "BAN"]
[SourceTitle "playchess.com"]
[Source "ChessBase"]
[SourceQuality "1"]

{[%evp 13,101,19,28,22,25,19,21,17,36,37,61,48,54,52,63,47,58,46,85,70,137,43,44,12,29,0,70,-76,48,5,40,24,35,0,15,5,64,58,129,72,89,-20,87,67,182,126,112,72,80,63,79,65,83,57,91,79,104,78,76,0,0,0,0,0,23,17,66,9,41,29,20,36,85,0,5,22,68,-49,-48,-52,-55,-73,0,0,0,0,0,0,0,0]} 1. e4 e5 2. Nf3 Nc6 3. Bb5 a6 4. Ba4 Nf6 5. d3 d6 6. c3 g6 7. O-O Bg7 8. Nbd2 {C77: Ruy Lopez: 3...a6 4 Ba4 Nf6, unusual lines.} b5 9. Bc2 O-O 10. a4 Bb7 {[#]} 11. b4 $146 ({Predecessor:} 11. Nb3 Ne7 12. Na5 Rb8 13. Nxb7 Rxb7 14. axb5 axb5 15. d4 exd4 16. cxd4 c5 17. e5 dxe5 18. dxe5 {½-½ (50) Lagno,K (2539)-Kosintseva,N (2533) Moscow 2010}) 11... Re8 12. Qe2 Nb8 13. Nb3 Nbd7 14. Na5 Qc8 15. Bb3 h6 {To avoid Ng5} 16. Nh4 (16. Nxb7 Qxb7 17. axb5 axb5 $14) 16... Nf8 (16... d5 $14) 17. Qf3 (17. Qa2 $1 $16 Re7 18. Nxb7 Qxb7 19. axb5 Qxb5 20. Rd1) 17... Ne6 $14 18. Qh3 Rb8 19. Be3 c6 (19... c5 $11) 20. c4 {White is more active.} (20. Nf3 $14) 20... Qd7 (20... bxc4 $17 21. Nxc4 Qc7) 21. Nxb7 (21. cxb5 $14 {is more appropriate.} cxb5 22. axb5 axb5 23. Nxb7 Rxb7 24. Nf3) 21... Rxb7 22. cxb5 axb5 23. a5 d5 $1 24. Nf3 Nh5 (24... Qd6 $11) 25. g3 Kh7 (25... Qd6 $14) 26. Rfc1 (26. a6 $142 Rbb8 27. Rfd1) 26... Qd6 $16 27. Bc5 (27. a6 $16 Rd7 28. a7 (28. exd5 cxd5 29. Qf1 Qxb4 $11)) 27... Qd7 (27... Nxc5 $11 28. bxc5 (28. Rxc5 dxe4 29. dxe4 Bf8 $15) 28... Qe7) 28. Bb6 Rbb8 (28... Nf6 $14) 29. Qf1 (29. d4 $1 $18) 29... Qd6 30. Rab1 {[%cal Od3d4]} (30. d4 {is interesting.} exd4 31. exd5 cxd5 32. Qxb5 Nef4 33. gxf4 Nxf4 34. Qf1) 30... Nf6 31. Qe1 Nd7 32. Be3 $1 Rbc8 33. Bd2 Nb8 34. h4 Na6 35. Kg2 h5 36. Rc2 (36. Ng5+ $16 Nxg5 37. hxg5) 36... Nd4 $11 37. Rcc1 Nxf3 38. Kxf3 f5 ({Don't take} 38... Qe6 39. Kg2 $14) 39. Kg2 Rf8 (39... fxe4 $11 40. dxe4 d4) 40. Bd1 (40. exd5 $1 $14 cxd5 41. Rxc8 Rxc8 42. Qe3) 40... f4 41. Bf3 fxg3 42. fxg3 Rc7 {[#]} ({Weaker is} 42... Qf6 43. Qe2 $16) (42... Rce8 $14 {feels stronger.}) 43. Qe2 ({White should play} 43. exd5 $1 $16 {[%cal Rc1c6]} cxd5 44. Rxc7 Nxc7 45. Qe2) 43... Rcf7 44. Rf1 Bh6 (44... d4 $11) 45. Bc3 ({Better is} 45. Bxh6 $14 Kxh6 46. d4 (46. exd5 cxd5 47. Qa2 Rd7 $11)) 45... d4 $15 46. Be1 Qe6 47. Rb2 {[#]} Be3 ({Black should try} 47... Rf6 $1 $17) 48. Kh2 $11 {The position is equal.} Bc1 49. Rb1 Be3 50. Rb2 Bc1 51. Rb1 $1 {Weighted Error Value: White=0.34/Black=0.31} 1/2-1/2

[Event "BAN-chT Golden Jubilee 2021-22"]
[Site "Dhaka"]
[Date "2022.03.19"]
[Round "10.13"]
[White "Mohammad Nubairshah Shaikh"]
[Black "Chowdhury, Sohel"]
[Result "1-0"]
[WhiteElo "2436"]
[BlackElo "2046"]
[Annotator "TA"]
[PlyCount "105"]
[EventDate "2022.03.10"]
[EventType "team-tourn"]
[EventCountry "BAN"]
[SourceTitle "playchess.com"]
[Source "ChessBase"]
[SourceQuality "1"]

{[%evp 15,105,50,80,85,83,76,72,77,71,55,68,66,64,49,57,42,52,48,64,69,50,58,44,41,77,63,71,72,93,57,63,49,48,33,70,50,79,50,42,47,53,23,33,34,65,32,67,55,101,93,150,166,162,168,164,136,114,66,121,122,107,115,372,305,459,461,439,440,440,312,437,416,425,360,353,351,5816,2482,1389,647,920,733,29984,12845,29987,12844,29980,29980,29990,29991,29995,29996]} 1. d4 d5 2. Nf3 Nf6 3. g3 e6 4. Bg2 c5 5. O-O Nc6 6. c4 cxd4 7. cxd5 exd5 8. Nxd4 Bc5 {[#] Nowadays more popular than 8...Be7.} 9. Nxc6 {D30: Queen's Gambit Declined: Systems without Nc3.} bxc6 {[#]} 10. Qc2 $1 Qb6 11. Nc3 {White is better.} Be7 12. Be3 Qa6 13. Na4 O-O 14. Bc5 Re8 15. e3 Bg4 {[%cal Bc8g4,Bg4h5,Bh5e2,Be2c4,Bc4b5][%mdl 32]} 16. Rfc1 Rac8 17. Bxe7 Rxe7 {[#]} 18. Nc5 $146 ({Predecessor:} 18. Qc5 Ree8 19. Qd4 Qb7 20. Nc5 Qe7 21. Rc3 Rb8 22. b3 h5 23. Rac1 Rbc8 24. Nd3 {1-0 (30) Anand,B (1965)-Kostic,V (2297) Novi Sad 2021}) 18... Qb6 19. a4 {[%cal Ba2a4,Ba4a5][%mdl 32]} Rb8 20. h3 Bh5 21. a5 Qd8 22. Na6 Rc8 23. Qa4 {aiming for Nb4.} Qd6 24. Qb4 {Inhibits c5.} Qe5 25. Qc3 {Black must now prevent g4.} (25. Ra3 $5 {[%cal Rg3g4]}) 25... Be2 {Hoping for ...Qxc3.} 26. Nc5 Qd6 27. Ra4 Bc4 28. Qd4 Bb5 29. Ra3 Rce8 30. Rac3 h6 31. Bf1 Nh7 (31... Bxf1 $14 32. Kxf1 Qb8) 32. Kg2 Ng5 ({Black should try} 32... Bxf1+ 33. Rxf1 Qc7) 33. Bxb5 $16 cxb5 34. h4 Nh7 35. Nd3 {[%cal Bc5d3,Bd3f4,Bf4d5,Bd5f6][%mdl 32]} Nf6 36. Rc6 ({Better is} 36. Rc8 $16) 36... Qd8 (36... Qd7 $14) 37. Nf4 {White is more active.} Qxa5 38. Rxf6 {[%mdl 64] Remove Defender} ({Resist} 38. Nxd5 Nxd5 39. Qxd5 Qb4 $14) 38... gxf6 {[%mdl 8192] This costs Black the game.} (38... Re4 $16 39. Qxd5 (39. b4 Qd8 $15) 39... gxf6) 39. Nxd5 Qd8 (39... Re6 {was worth a try.} 40. Nxf6+ Rxf6 41. Qxf6 Qd2) 40. Nxf6+ $18 Kf8 41. Qg4 {[%cal Rf6h7]} Re6 42. Qg8+ Ke7 43. Nxe8 {Rc7+ is the strong threat.} Qa8+ 44. Kg1 {White threatens Rc7+ and mate.} Qxe8 {[%mdl 4096] Endgame KQR-KQR} 45. Rc7+ Kf6 $2 (45... Kd8 46. Qxf7 Qxf7 47. Rxf7 a5) 46. Qh7 Qf8 47. Rxa7 (47. g4 $142 Re7 48. Rc3) 47... b4 48. g4 {Threatening mate with Qf5+.} Rd6 49. Kg2 (49. f4 $142 Rd5 50. g5+ hxg5 51. hxg5+ Rxg5+ 52. fxg5+ Ke5 53. Ra5+ Kd6 54. Qd3+ Kc7 55. Qc4+ Kd8 56. Qd5+ Kc8 57. Ra7 Qd6 58. Qxd6 f5 59. Qf8#) 49... b3 50. Kg3 (50. e4 $142 Rd1 51. e5+ Ke6 52. Qf5+ Kd5 53. Qd7+ Kxe5 54. Qf5+ Kd6 55. Qf6+ Kd5 56. Ra5+ Qc5 57. Qf5+ Kd6 58. Qxc5+ Kd7 59. Ra7+ Ke6 60. Qe7+ Kd5 61. Ra5+ Kc4 62. Qc7+ Kd4 63. Qc3+ Ke4 64. Qe3#) 50... Rd2 51. Ra6+ {White mates.} Ke7 52. Qe4+ Kd7 53. Qc6+ {Weighted Error Value: White=0.20 (precise) /Black=0.59} 1-0

[Event "BAN-chT Golden Jubilee 2021-22"]
[Site "Dhaka"]
[Date "2022.03.19"]
[Round "10.14"]
[White "Harsha Bharathakoti"]
[Black "Ghosh, Chanchal Kumer"]
[Result "1-0"]
[WhiteElo "2499"]
[BlackElo "2074"]
[Annotator "TA"]
[PlyCount "50"]
[EventDate "2022.03.10"]
[EventType "team-tourn"]
[EventCountry "BAN"]
[SourceTitle "playchess.com"]
[Source "ChessBase"]
[SourceQuality "1"]

{[%evp 13,50,13,18,7,13,18,15,-10,0,-55,15,-20,-21,-155,-154,-229,-230,-319,-309,-317,-320,-291,-313,-285,-224,-225,-217,-246,-177,-174,-175,-176,-38,-89,-69,-72,-74,-141,-143]} 1. d4 d5 2. c4 e6 3. Nc3 Nf6 4. cxd5 exd5 5. Bg5 Be7 6. e3 O-O 7. Qc2 b6 {[%cal Bb7b6,Bb6c5][%mdl 32]} 8. Bd3 {D35: Queen's Gambit Declined: Exchange Variation.} h6 9. Bh4 c5 10. dxc5 {The position is equal.} bxc5 {aiming for ...Nc6.} 11. Rd1 {[#]} (11. Bxf6 $11 Bxf6 12. Nxd5 $1) 11... Qa5 $146 ({Black should play} 11... Nc6 $15 12. Bxf6 Bxf6 13. Nxd5 (13. Bh7+ Kh8 $15) 13... Qa5+ 14. Qd2 Qxa2) ({Predecessor:} 11... Bb7 12. Nge2 Nbd7 13. O-O Re8 14. Bb5 a6 15. Ba4 Rf8 16. Bxd7 Qxd7 17. Bxf6 Bxf6 18. Nxd5 Bxd5 {0-1 (42) Hua,L (2320)-Fortin,M (1985) Quebec 1999}) 12. Nge2 (12. Nf3 $5 {[%cal Re1g1]}) 12... Nc6 $36 {[%mdl 2048] Hoping for ...c4. Black has the initiative.} 13. O-O (13. Bxf6 $11 {remains equal.} Bxf6 14. O-O (14. Bh7+ Kh8 $17)) 13... c4 $17 14. Nxd5 (14. Bxf6 $17 cxd3 15. Rxd3 Bxf6 16. Nxd5) 14... Nxd5 $19 {[%cal Bf6d5,Bd5b4,Bb4c2][%mdl 32]} ({But not} 14... cxd3 $2 15. Nxe7+ Nxe7 16. Rxd3) 15. Bxc4 Ndb4 ({And not} 15... Bxh4 16. Rxd5 Qb4 17. Rb5 $15) 16. Qe4 {[#]} Bf5 $1 17. Qf4 g5 18. Qf3 gxh4 19. a3 Qc5 20. Rc1 Nc2 21. Bd5 Bd3 {Strongly threatening ...Ne5.} ({Weaker is} 21... Bd7 22. Rfd1 $17) 22. Bxc6 {[#]} Rac8 ({Better is} 22... Bxe2 $1 $19 23. Qxe2 Qxc6 24. Rxc2 Qe6) 23. Be4 (23. Bb7 $15) 23... Qb5 24. Bxd3 Qxd3 25. Nf4 {[#]} (25. h3 $142) 25... Qb3 $1 {[%mdl 32768] Weighted Error Value: White=0.37/Black=0.35. Loss on time!?} 1-0

[Event "BAN-chT Golden Jubilee 2021-22"]
[Site "Dhaka"]
[Date "2022.03.19"]
[Round "10.15"]
[White "Himanshu, Sharma"]
[Black "Jabed Al Azad"]
[Result "1-0"]
[WhiteElo "2391"]
[BlackElo "2043"]
[Annotator "TA"]
[PlyCount "173"]
[EventDate "2022.03.10"]
[EventType "team-tourn"]
[EventCountry "BAN"]
[SourceTitle "playchess.com"]
[Source "ChessBase"]
[SourceQuality "1"]

{[%evp 13,173,22,31,-34,-32,-16,-4,-55,-39,-50,-52,-48,-39,-41,22,20,41,0,0,0,0,0,0,0,0,0,16,0,0,0,51,-5,0,0,0,0,59,42,43,41,45,0,55,10,110,99,95,95,109,80,92,54,95,56,66,43,87,82,82,84,112,112,112,112,112,112,112,112,112,91,91,56,56,56,56,56,56,56,56,56,56,56,56,56,56,56,56,56,56,56,56,56,56,56,56,56,56,56,56,56,56,54,54,54,54,54,54,54,54,54,54,54,54,54,97,97,97,97,125,125,149,97,97,8,1091,1112,1195,1006,872,866,855,855,855,849,841,1158,1166,841,841,841,1216,835,1109,1332,1238,1247,1128,910,2335,1784,1699,593,1645,1303,29986,29987,29987,29988,29988,29989,29989,29990]} 1. e4 c6 2. d4 d5 3. e5 Bf5 4. Nf3 e6 5. Be2 Nd7 6. O-O Ne7 7. Nbd2 c5 8. b3 {B12: Caro-Kann: Advance Variation.} (8. c4 $14) 8... Nc6 $15 9. Bb2 Qb6 {[%cal Rc5d4]} 10. c3 {[#]} (10. Nh4 $11) 10... Be7 $146 ({Predecessor:} 10... cxd4 11. Nxd4 Bg6 12. Nxc6 bxc6 13. c4 d4 14. Nf3 c5 15. Bd3 Be7 16. Re1 a5 {1-0 (45) Lorenzi,B (1700)-Belli,A (1517) Rome 2009}) 11. a3 O-O 12. b4 cxd4 13. cxd4 a5 (13... Rfc8 $15) 14. b5 $11 Na7 15. Qa4 (15. a4 $14 {deserves consideration.}) 15... Nc8 16. Rfc1 Qa7 17. Nf1 Ncb6 18. Qd1 Rac8 19. Ne3 Bg6 20. h4 Rxc1 21. Rxc1 Rc8 (21... Qa8 $11) 22. Qd2 ({White should try} 22. Rxc8+ $14 Nxc8 23. Ng5) 22... Qa8 23. Rxc8+ Nxc8 24. g3 Bd8 (24... Ncb6 $11) 25. Ne1 h6 26. h5 $36 {[%mdl 2048] White has good play.} Bh7 27. f4 (27. Bc3 $14) 27... Be4 (27... Ncb6 $11) 28. Nd3 (28. Bc3 $1 $14) 28... b6 (28... Ncb6 $11) 29. Nf2 $16 Bh7 30. a4 Qb7 31. Ba3 Qc7 32. Kh2 Nf8 (32... Be7 $14 33. Qb2 Kh8) 33. Kh3 Be7 34. Qb2 Bd8 (34... f6 $14 {feels stronger.}) 35. Bd3 Bxd3 36. Nxd3 Nd7 37. g4 Nf8 38. Qc2 {White is more active.} Qxc2 39. Nxc2 Nd7 40. Ne3 Be7 41. Bxe7 Nxe7 {[%mdl 4096] Endgame KNN-KNN} 42. f5 Nf8 $1 {[%cal Bd7f8,Bf8h7,Bh7g5,Bg5h3][%mdl 32]} 43. Nf4 Nh7 44. Kg3 Ng5 45. Ne2 Kf8 46. Nc3 Ke8 47. Kf4 Nh3+ 48. Kf3 $1 Kd7 49. Ng2 Ng5+ 50. Kf4 Nh3+ 51. Kg3 Ng5 52. Nf4 Ke8 53. Kf2 Kd7 54. Ke2 Kc7 55. Kd3 Kd7 56. Ke3 Kc7 57. Nfe2 Kd7 58. Ng3 Kc7 59. Kf2 Kd7 60. Nce2 Nc8 61. Nf4 Ne7 62. Kg2 (62. Ke2 {is interesting.} Kc7 63. Kd3 Kd7 64. Nf1 Nf3 65. Ne3) 62... Ng8 63. Nh3 Nxh3 (63... Ke8 $14 {should be considered.}) 64. Kxh3 $14 {KN-KN} Ne7 65. Kg2 Ke8 66. Kf3 Ng8 67. Kf4 (67. Nf1 $142) 67... Kf8 $16 68. g5 ({Better is} 68. Nf1 $16) 68... Ne7 $2 {[%mdl 8192] This move loses the game for Black.} (68... hxg5+ $11 69. Kxg5 Nh6) 69. f6 $18 hxg5+ 70. Kxg5 gxf6+ 71. Kxf6 {[#] Hoping for h6.} Ng8+ 72. Kg5 Kg7 {Inhibits h6+.} 73. Nf1 f6+ 74. exf6+ Nxf6 75. Nd2 Nh7+ 76. Kf4 Kf6 77. Nf3 Nf8 78. Ne5 Kg7 79. Ng4 {[#] Black must now prevent Ke5.} Kf7 80. h6 Nh7 81. Ne5+ Ke7 82. Kg4 Ke8 83. Kh5 {White wants to mate with Kg6.} Nf8 84. Kg5 {White mates.} Kd8 85. Kf6 Ke8 86. Kg7 Ke7 87. Ng6+ {Weighted Error Value: White=0.13 (very precise) /Black=0.15 (very precise)} 1-0

[Event "BAN-chT Golden Jubilee 2021-22"]
[Site "Dhaka"]
[Date "2022.03.19"]
[Round "10.16"]
[White "Mendonca, Leon Luke"]
[Black "Saiful Islam, Chowdhury"]
[Result "1-0"]
[WhiteElo "2536"]
[BlackElo "2075"]
[Annotator "TA"]
[PlyCount "65"]
[EventDate "2022.03.10"]
[EventType "team-tourn"]
[EventCountry "BAN"]
[SourceTitle "playchess.com"]
[Source "ChessBase"]
[SourceQuality "1"]

{[%evp 10,65,64,55,85,76,77,49,74,62,104,96,99,95,101,102,106,100,124,113,162,120,131,123,127,137,172,171,287,296,393,380,383,389,372,387,360,299,265,274,312,293,553,316,333,283,436,361,561,577,578,538,955,1000,1012,966,866,859]} 1. Nf3 Nf6 2. c4 g6 3. d4 c6 4. Nc3 d5 5. cxd5 Nxd5 6. e4 Nc7 {D90: Grünfeld: 4 Nf3 Bg7 sidelines.} 7. h3 Bg7 8. Be2 O-O {White is slightly better.} 9. O-O {[#]} b5 $146 (9... Nd7 $14 {should be considered.}) ({Predecessor:} 9... b6 10. Be3 Bb7 11. Qd2 Ne6 12. Rfd1 Nd7 13. Rac1 Rc8 14. Bh6 Nf6 15. Bxg7 Nxg7 16. Qe3 Qd7 17. b4 Rfd8 18. a3 Qe8 19. Bc4 {½-½ (19) Xu,Y (2548)-Li,D (2535) Xingtai 2019}) 10. Be3 a5 11. Qd2 Nd7 12. Rac1 {White is more active.} Bb7 13. Rfd1 Nf6 14. Bd3 Qe8 (14... Nd7 $16 {keeps fighting.}) 15. Qe2 (15. b3 $18) 15... Rc8 16. a4 b4 {[#]} 17. Nb1 {[%cal Bc3b1,Bb1d2,Bd2b3][%mdl 32]} Nd7 18. Nbd2 Kh8 (18... Qd8 $142 19. Nb3 Ra8) 19. Nb3 $18 Ra8 20. d5 c5 21. Nxc5 Nxc5 22. Rxc5 ({Don't play} 22. Bxc5 Qd7 23. Bc4 Kg8 $18) 22... Qd7 23. Rdc1 Rfc8 24. Bd4 {[#] Hoping for Ne5.} f6 {Prevents Ne5.} 25. b3 e6 $2 (25... e5) 26. Qb2 e5 27. Be3 Qe7 (27... Qd8 $142 28. Nd2 Bf8) 28. Nd2 f5 (28... Ne8 {was called for.} 29. Rxc8 Bxc8) 29. Qc2 {White is clearly winning.} f4 30. Rxc7 fxe3 31. Rxe7 Rxc2 32. Rxc2 exd2 33. Rxd2 {Weighted Error Value: White=0.21 (precise) /Black=0.49} 1-0

[Event "BAN-chT Golden Jubilee 2021-22"]
[Site "Dhaka"]
[Date "2022.03.19"]
[Round "10.17"]
[White "S M Sharon"]
[Black "Abu Sufian, Shakil"]
[Result "1/2-1/2"]
[WhiteElo "2087"]
[BlackElo "2232"]
[Annotator "TA"]
[PlyCount "155"]
[EventDate "2022.03.10"]
[EventType "team-tourn"]
[EventCountry "BAN"]
[SourceTitle "playchess.com"]
[Source "ChessBase"]
[SourceQuality "1"]

{[%evp 9,155,-4,-14,-11,0,-23,-11,-20,-10,-32,31,10,41,40,41,43,59,18,8,0,7,-101,-98,-94,-21,-25,0,0,0,-12,0,0,0,-25,-39,-124,-121,-150,-23,-34,-35,-58,-56,-40,-47,-165,-156,-174,-23,-39,0,0,0,0,0,0,0,0,69,84,137,127,130,-3,-8,-387,0,0,0,0,0,0,0,0,0,0,58,69,63,63,129,67,60,69,122,8,39,8,8,-13,-21,-21,-21,-21,-21,-21,-15,-14,-8,-14,-12,-13,-8,-8,-8,-8,-8,-8,-8,-8,-8,-8,-8,-21,-20,-21,-19,-21,-21,-21,-21,-21,-21,-21,-21,-21,-21,-21,-21,-21,-21,-21,-21,-21,-21,-21,-21,-21,-12,-21,-21,-21,-21,-21,-8,-8,-8,-8]} 1. e4 c5 2. Nf3 d6 3. Be2 Nf6 4. c3 g6 5. d3 Bg7 6. Nbd2 {B50: Sicilian: 2...d6, Miscellaneous.} Nc6 7. Nf1 O-O 8. Ng3 e5 9. h4 {[%cal Bh2h4,Bh4h5][%mdl 32] [#]} d5 $146 (9... h5 $15) ({Predecessor:} 9... Bg4 10. Nh2 Be6 11. Bg5 d5 12. Qc1 Qb6 13. Bxf6 Bxf6 14. h5 Qd8 15. hxg6 fxg6 {½-½ (65) Facchetti,G-Sarno,S (2410) Italy 1995}) 10. h5 (10. exd5 {feels hotter.} Nxd5 11. h5 Bg4 12. hxg6 hxg6 13. Ne4) 10... dxe4 11. dxe4 Qxd1+ 12. Bxd1 b6 13. Bb3 (13. Bg5 $14) 13... Na5 $11 14. hxg6 hxg6 15. Bxf7+ Rxf7 $17 16. Nxe5 {[%cal Bf3e5,Be5g6,Bg6f4][%mdl 32]} Re7 (16... Rc7 $17 {[%cal Of6e4] Hoping for ...Nxe4!} 17. Bf4 Re7 18. Nxg6 Re6) 17. Nxg6 $11 Re8 18. f3 Nc4 19. Kf2 Kf7 20. Nf4 Bd7 21. Nd3 Rad8 22. Bg5 (22. Nf4 $15) 22... Ba4 $17 {A strong pair of Bishops.} 23. Nxc5 Nxb2 (23... bxc5 $17 24. b3 Kg6 $1 25. Bxf6 Rd2+ 26. Ne2 Bxf6 27. bxc4 Red8) 24. Nxa4 $11 Nxa4 25. Rae1 Kg6 ({Much less strong is} 25... Nxc3 26. e5 $14) 26. Nf5 $1 Bf8 (26... Nxc3 27. Nxg7 Kxg7 28. e5 Nce4+ 29. fxe4 Rxe5 30. Bxf6+ Kxf6 31. Ke3 $14) 27. Bxf6 (27. Be3 $15) 27... Kxf6 $19 28. Rh7 Nb2 $2 (28... Nxc3 $19 {Threatens to win with ...Bb4.} 29. Kg3 Rd2) 29. Reh1 $11 Nd3+ 30. Ke3 Ne5 31. Nd4 Rc8 32. Kd2 Nf7 (32... Red8 33. f4 $16) 33. Kd3 Kg6 (33... Ne5+ $11 34. Kc2 Red8) 34. f4 $14 Rc7 (34... Nh6 $142 35. Rxa7 Ng4) 35. R7h3 $1 $16 {Chess con chili.} Rec8 36. e5 ({White should try} 36. Rg3+ $1 $16 Kf6 37. e5+ Ke7 38. Kd2) 36... Rxc3+ $11 37. Ke4 $2 {[%mdl 8192] [#]} (37. Ke2 $1 $11 {and White stays safe.}) 37... Rxh3 $2 ({Better is} 37... Nd6+ $1 $19 {[%mdl 512]} 38. exd6 Re8+ 39. Ne6 Rxe6+ 40. Kd4 Rc5 41. Rg3+ Kf6) 38. Rxh3 Rc4 39. Kd5 Rc5+ 40. Ke4 Rc4 41. Kd5 Rc5+ 42. Ke4 {Ne6 is the strong threat.} Bh6 (42... Rc4 $11) 43. Rg3+ $14 {[%mdl 1024] White has compensation.} ({But not} 43. f5+ Kh7 44. Nf3 Kg8 $11) 43... Kh7 $1 44. Ra3 $1 {White is more active.} Rc7 (44... a5 $14) 45. g4 (45. Rh3 $16) 45... Bf8 46. Rh3+ Kg8 $1 {[#]} 47. g5 (47. Ne6 $1 $16 {[%cal Re6c7]} Rc4+ 48. Kd5) 47... Rc4 48. Kd5 Rc5+ {The position is equal.} 49. Ke4 {[#] And now Ne6 would win.} Rxe5+ 50. fxe5 Nxg5+ 51. Kd5 $1 {Black must now prevent Rg3.} Nxh3 {[%mdl 4096] Endgame} 52. Kc6 Bc5 53. Nb5 a5 54. Nd6 Nf4 {With the idea ...Nd3.} 55. Nc4 Bd4 56. Nxb6 Bxe5 57. Kb5 Bc3 58. Nc4 Kf7 59. Nxa5 Ke6 60. Nc4 Kd7 61. Kb6 Ne6 62. Kb5 Kc7 63. Ne3 Kb7 64. Nc4 Nd4+ 65. Kc5 Ka6 66. Nd6 Ne2 67. Kc4 Be5 68. Nf7 Bf4 69. Nd8 Ka5 70. Kb3 Nd4+ 71. Kc4 Nf5 72. Kb3 Kb5 73. Ne6 Bd6 74. Ng5 Nd4+ 75. Kc3 Be5 76. Kd3 Ka4 77. Nf3 Nxf3 78. Ke4 {Weighted Error Value: White=0.35/Black=0.30} 1/2-1/2